000 00355nam a2200157Ia 4500
003 Ost
005 20260225132545.0
008 260225s9999||||xx |||||||||||||| ||und||
040 _cfsic
041 _afre
082 _a440
100 _aS.I.A. Kotei
_eAuteur
245 0 _aLe livre aujourd'hui en Afrique /
245 0 _cS.I.A. Kotei
942 _cكتاب
999 _c33799
_d33799